| 000 | 00855cam a2200253 i 4500 | ||
|---|---|---|---|
| 001 | 1356944005 | ||
| 003 | OCoLC | ||
| 005 | 20250827113538.0 | ||
| 008 | 230115s2022 sz a ob 001 0 eng d | ||
| 020 | _z9783031186202 | ||
| 040 |
_aYDX _beng _erda _cNUST _dNUST |
||
| 050 | 4 | _aQA808.2 BAS | |
| 100 | 1 |
_aBasaran, Cemal, _eauthor |
|
| 245 | 1 | 0 |
_aIntroduction to unified mechanics theory with applications / _cCemal Basaran |
| 250 | _aSecond edition | ||
| 260 |
_aNew York : _bSpringer ; _c©2022. |
||
| 300 |
_axviii, 519 pages : _billustrations _c24 cm |
||
| 336 |
_atext _btxt _2rdacontent |
||
| 337 |
_acomputer _bc _2rdamedia |
||
| 338 |
_aonline resource _bcr _2rdacarrier |
||
| 504 | _aIncludes bibliographical references and index | ||
| 650 | 0 | _aContinuum mechanics. | |
| 942 |
_2lcc _n0 _cBOOKS _eSecond Edition. _hQA808.2BAS _kQA _mBAS |
||
| 999 |
_c172312 _d172312 |
||